Normal view
MARC view
Entry Personal Name
001 - CONTROL NUMBER
- control field: 60656
003 - CONTROL NUMBER IDENTIFIER
- control field: dpl
005 - DATE AND TIME OF LATEST TRANSACTION
- control field: 20240104152325.0
008 - FIXED-LENGTH DATA ELEMENTS
- fixed length control field: 240104|| aca||aabn | a|a d
040 ## - CATALOGING SOURCE
- Original cataloging agency: dpl
- Transcribing agency: dpl
100 ## - HEADING--PERSONAL NAME
- Personal name: Kishore,Ambrish B
670 ## - SOURCE DATA FOUND
- Source citation: Work cat.: (dpl)199966: Kashyap,Samudra Gupta 60655, Untold Stories of the Freedom Struggle From North-East India/, 2022
